| 000 | 00657cam a22001934a 4500 | ||
|---|---|---|---|
| 005 | 20250605164351.0 | ||
| 008 | 250528s ||||||||||||||||||||||||d | ||
| 035 | _a24106 | ||
| 040 |
_aGR-AtMCL _bgre _dGR-AtMCL _eAACR2 |
||
| 245 | 1 | _aMind Games | |
| 260 | _c2008 | ||
| 300 | _a87 | ||
| 520 | _aThe Face of Criminal Identification, Robots and Mirror Neurons and Autism, Public Engagement, Large Effect Sizes - Good or Bad News?, Your Publication Needs You!, What are We Looking For?, What Happens Next?. | ||
| 700 | 1 |
_aSutton Jon _99351 |
|
| 942 | _cCR | ||
| 710 | 2 |
_aThe British Psychological Society _99823 |
|
| 999 |
_c9005 _d9005 |
||